000 00749nam a2200241Ia 4500
999 _c55510
_d55510
001 22592
003 GE_BSU
005 20230403104921.0
008 181216s ||||enk|||||||||||||| ||eng||
020 _a9783125013667
040 _cGE_BSU
080 _a811.111.1 D-72
100 _aDonaghy, Kieran
_917429
245 _aFilm in Action :
_bTeaching language using moving images /
_cKieran Donaghy ; Edited by Mike Burghall.
264 _aStuttgard :
_bDelta Publishing,
_c2017.
300 _a112 p. :
_bill ;
_c24 cm.
541 _h132gel.
653 _aFilm in Action
653 _aTeaching language using moving images
653 _aინგლისური ენა
700 _aBurghall, Mike
_eEdited by
_917289
942 _cBK
_2udc